000 00612nam a2200229Ia 4500
001 1964
003 GE_BSU
008 181216s||||||||xx |||||||||||||| ||und||
020 _a5969200425
040 _cGE_BSU
080 _a347.9(075.8)
245 _aПрокурорский надзор
245 _bДля студ. вузов
245 _cПод общ. ред. Ю.Е. Винокурова
260 _aМосква
260 _bВысшее образование
260 _c2006
300 _a460стр.
541 _h15л.
653 _aПрокурорский надзор
942 _cBK
999 _c36064
_d36064